00584nam a2200205Ia 450000500170000000800410001702000150005808200210007324500290009426000400012330000150016365000160017865000130019465000120020770000230021970000180024294200060026095200970026699900150036320250129005730.0240331s9999 xx 000 0 und d a0822364646 bMUD24331a304.8 0aDiaspora and Immigration aDurhambDuke University Pressc1999 av, 334 p., aImmigration aDiaspora aHistory aMudimbe, V. Yeedt aEngel, Seedt cL 001040708LaWERCLbWERCLcSSCd2024-03-31l0o 304.8 DIAp4331r2024-03-31w2024-03-31yL c1415d1415